| 000 | 00354 a2200157 4500 | ||
|---|---|---|---|
| 001 | 75612 | ||
| 020 | _a9788516100247 | ||
| 040 | _cAnchieta - Colégio São Paulo | ||
| 100 | _aTerra, Lygia | ||
| 240 | 1 | 0 |
_aGeografia conexões: _lpor |
| 245 | 1 | 0 | _aGeografia conexões: |
| 300 | _a799 | ||
| 362 | 0 | _a2010 | |
| 650 | 4 | _aGeografia e viagens | |
| 942 | _cBK | ||
| 999 |
_c75612 _d75612 |
||